Vista normal
Vista MARC
Entrada Materia (tema)
Número de registros utilizados en: 1
001 - CONTROL NUMBER
- control field: 167356
003 - CONTROL NUMBER IDENTIFIER
- control field: Co-BoUCM
005 - DATE AND TIME OF LATEST TRANSACTION
- control field: 20211111082004.0
008 - FIXED-LENGTH DATA ELEMENTS
- fixed length control field: 211111|| aca||aabn | a|a d
040 ## - CATALOGING SOURCE
- Original cataloging agency: Co-BoUCM
- Transcribing agency: Co-BoUCM
150 ## - HEADING--TOPICAL TERM
- Topical term or geographic name as entry element: Bienes eclesiásticos (Derecho canónico)
- Geographic subdivision: Chile
670 ## - SOURCE DATA FOUND
- Source citation: Work cat.: (Co-BoUCM)69269: Núñez Atencio, Lautaro 167355, Rescate del patrimonio material más antiguo de la región de las iglesias precordilleranas a los tiempos urbanos, 2010